000 01145nam a22002777a 4500
003 DO-SdBNP
005 20221205111735.0
007 ta
008 220930b1990 |||||||| |||| 00| 0 spa d
040 _aDO-SdBNP
_bspa
_cBNPHU
041 _hspa
082 4 _222
_a021.7
_bR426c
110 _aRepública Dominicana.
_bPresidencia, Comisión Organizadora Permanente de la Feria Nacional del Libro
_982982
111 1 _982465
245 1 0 _aCatálogo de expo-libros dominicanos 1990, Eugenio Maria de Hostos
_b
246 _aBiblioteca José M. Lázaro Universidad de Puerto Rico, Rio Piedras (17 a 28 de febrero de 1990)
260 _aSanto Domingo :
_b,
_bDirección General de la Feria del Libro,
_c1990.
300 _a39 p.;
_c28 cm
590 _aInventariado, 2022 /DG
611 4 _974466
_aFeria Internacional del Libro
_cSanto Domingo, República Dominicana)
_d2003 : 24 abril al 4 mayo
_xCatálogo
650 4 _953251
_aIndustria del libro
_xCatálogo
_zRepública Dominicana
650 4 _aFeria del libro
_940774
650 4 _955293
_aFeria del libro
_vExpositores
_xCatálogo
_y1990
_zRepública Dominicana
910 _aDG
942 _2ddc
_cLF2
999 _c53063
_d53063